Statistics for Seventeen Songs

Click here to take the quiz!

General Stats

  • This quiz has been taken 2,977 times
    (2,301 since last reset)
  • The average score is 52 of 103

Answer Stats

Abum / EPYearSong% Correct
Boys Be2015ROCK
92%
Attacca2021Rock with You
90%
You Made My Dawn2018Home
87%
17 Carat2015Adore U
82%
; [Semicolon]2020Home;Run
82%
Love & Letter2016Pretty U
81%
Heng:garæ2020Left & Right
80%
Teen, Age2017Clap
77%
An Ode2019Fear
77%
Love & Letter: Repackage2016NICE
77%
Al12017Don't Wanna Cry
76%
An Ode2019Hit
76%
Your Choice2021Ready to Love
75%
Boys Be2015Mansae
72%
Attacca2021To You
70%
You Make My Day2018Oh My!
68%
Attacca2021Crush
67%
Director's Cut2018Thanks
66%
Attacca20212 Minus 1
64%
Going Seventeen2016Boom Boom
64%
Your Choice2021Anyone
63%
Heng:garæ2020Kidult
63%
; [Semicolon]2020Light a Flame
63%
Attacca2021Pang!
63%
Your Choice2021Gam3 Bo1
61%
Heng:garæ2020My My
60%
An Ode2019Snap Shoot
59%
Heng:garæ2020Fearless
57%
Your Choice2021Heaven's Cloud
57%
Attacca2021Imperfect Love
57%
; [Semicolon]2020Do Re Mi
56%
You Made My Dawn2018Hug
56%
17 Carat2015Shining Diamond
56%
Teen, Age2017TRAUMA
56%
You Made My Dawn2018Getting Closer
55%
You Make My Day2018Our Dawn Is Hotter Than Day
55%
Director's Cut2018Run to You
54%
You Made My Dawn2018Good to Me
53%
Teen, Age2017Pinwheel
53%
; [Semicolon]2020Hey Buddy
52%
Your Choice
2021Same Dream,
Same Mind, Same Night
51%
Your Choice2021Wave
51%
17 Carat201520
50%
; [Semicolon]2020Ah! Love
50%
; [Semicolon]2020All My Love
50%
Teen, Age2017Flower
50%
You Make My Day2018Holiday
50%
Love & Letter2016Love Letter
50%
Heng:garæ2020Together
50%
Teen, Age2017CHANGE UP
49%
Al12017Habit
49%
Attacca2021I Can't Run Away
49%
Teen, Age2017Campfire
48%
Going Seventeen2016HIGHLIGHT
47%
An Ode2019247
46%
17 Carat2015Jam Jam
46%
Going Seventeen2016Smile Flower
46%
Going Seventeen2016Fast Pace
45%
You Make My Day2018MOONWALKER
45%
An Ode2019Second Life
45%
An Ode2019Back It Up
44%
You Made My Dawn2018Chili
44%
Al12017MY I
44%
An Ode2019Network Love
44%
Teen, Age2017ROCKET
44%
Love & Letter: Repackage2016Healing
42%
Heng:garæ2020I Wish
42%
Going Seventeen2016Beautiful
41%
Going Seventeen2016Don't Listen In Secret
41%
Al12017IF I
41%
An Ode2019Lie Again
41%
Al12017Crazy in Love
40%
An Ode2019Lucky
40%
Al12017Swimming Fool
40%
You Made My Dawn2018Shhh
39%
17 Carat2015Ah Yeah
38%
Teen, Age2017Bring It
38%
An Ode2019Happy Ending
38%
Love & Letter2016Chuck
37%
Teen, Age2017Hello
37%
Love & Letter2016Hit Song
37%
An Ode2019Let Me Hear You Say
37%
Boys Be2015Fronting
36%
Going Seventeen2016Lean On Me
36%
Love & Letter: Repackage2016SIMPLE
36%
Director's Cut2018Thinkin' About You
36%
Director's Cut2018Falling for U
35%
You Make My Day2018Come To Me
34%
Boys Be2015OMG
34%
Love & Letter2016Say Yes
34%
Teen, Age2017Without You
34%
Going Seventeen2016I Don't Know
33%
You Make My Day2018What's Good
33%
Teen, Age2017Lilli Yabbay
31%
Love & Letter: Repackage2016No F.U.N
31%
Love & Letter2016Still Lonely
31%
Love & Letter2016Drift Away
30%
Teen, Age2017Intro: {New} {World}
30%
Boys Be2015When I Grow Up
29%
Love & Letter: Repackage2016Space
28%
Al12017Check-In
23%
Teen, Age2017Outro: {Incompletion}
22%
Al12017Who
16%

Score Distribution

Percentile by Number Answered

Percent of People with Each Score

Your Score History

You have not taken this quiz since the last reset